Statistics for The Legend of Korra Characters by Episode Appearances

Click here to take the quiz!

General Stats

  • This quiz has been taken 306 times
  • The average score is 26 of 50

Answer Stats

TotalCharacter% Correct
52Korra
100%
45Mako
93%
47Bolin
91%
41Tenzin
91%
40Asami Sato
89%
31Lin Beifong
83%
9Toph Beifong
79%
38Jinora
78%
8Aang
77%
12Amon
77%
13Kuvira
75%
30Meelo
73%
11Kai
71%
14Suyin Beifong
71%
16Zaheer
71%
23Bumi
70%
30Ikki
68%
15Unalaq
66%
19Kya
62%
15Opal
62%
22Iknik Blackstone Varrick
59%
35Naga
59%
27Pema
55%
9P'li
53%
19Zhu Li Moon
52%
34Pabu
51%
19Tonraq
50%
8Raava
48%
10Vaatu
48%
8Hiroshi Sato
46%
11Ming-Hua
46%
10Ghazan
45%
15Desna
43%
15Eska
42%
18Rohan
35%
8Bataar
33%
10Bataar Jr.
33%
9Wu
33%
14Raiko
28%
9Wei
26%
19Oogi
25%
9Wing
25%
10Senna
20%
9Yin
19%
8Huan
14%
8Bum-Ju
13%
9Poki
7%
8Shiro Shinobi
4%
8Daw
3%
10Song
2%

Score Distribution

Percentile by Number Answered

Percent of People with Each Score

Your Score History

You have not taken this quiz